Raising children / (Record no. 3100)
[ view plain ]
| 000 -LEADER | |
|---|---|
| fixed length control field | 00758cam a2200277 a 4500 |
| 001 - CONTROL NUMBER | |
| control field | 11978 |
| 003 - CONTROL NUMBER IDENTIFIER | |
| control field | GBCCL |
| 005 - DATE AND TIME OF LATEST TRANSACTION | |
| control field | 20241126110447.0 |
| 008 - FIXED-LENGTH DATA ELEMENTS--GENERAL INFORMATION | |
| fixed length control field | 760109s1975 ilua 00010ceng |
| 010 ## - | |
| -- | 75015193 //r82 |
| 020 ## - INTERNATIONAL STANDARD BOOK NUMBER | |
| International Standard Book Number | 0842351353 : |
| Terms of availability | $2.95 |
| 035 ## - SYSTEM CONTROL NUMBER | |
| System control number | OCM01992969 |
| 040 ## - CATALOGING SOURCE | |
| Original cataloging agency | DLC |
| Transcribing agency | DLC |
| Modifying agency | m.c. |
| -- | LBB |
| 049 ## - | |
| -- | LBBK |
| 050 0# - | |
| -- | BV4526.2 |
| -- | .W74 |
| 082 ## - DEWEY DECIMAL CLASSIFICATION NUMBER | |
| Classification number | 248.845 |
| -- | 649.1 |
| Item number | WRI |
| 092 ## - LOCALLY ASSIGNED DEWEY CALL NUMBER (OCLC) | |
| Classification number | 649.1 |
| Item number | W951 |
| 100 10 - MAIN ENTRY--PERSONAL NAME | |
| Personal name | Wright, Linda Raney. |
| 9 (RLIN) | 6426 |
| 245 10 - TITLE STATEMENT | |
| Title | Raising children / |
| Statement of responsibility, etc. | Linda Raney Wright. |
| 260 0# - PUBLICATION, DISTRIBUTION, ETC. | |
| Place of publication, distribution, etc. | Wheaton, Ill. : |
| Name of publisher, distributor, etc. | Tyndale House, |
| Date of publication, distribution, etc. | c1975. |
| 300 ## - PHYSICAL DESCRIPTION | |
| Extent | 158 p. : |
| Other physical details | ill. ; |
| Dimensions | 21 cm. |
| 650 #0 - SUBJECT ADDED ENTRY--TOPICAL TERM | |
| Topical term or geographic name entry element | Family |
| General subdivision | Religious life. |
| 9 (RLIN) | 4329 |
| 650 #0 - SUBJECT ADDED ENTRY--TOPICAL TERM | |
| Topical term or geographic name entry element | Child rearing. |
| 9 (RLIN) | 1189 |
| 650 #0 - SUBJECT ADDED ENTRY--TOPICAL TERM | |
| Topical term or geographic name entry element | Mothers. |
| 9 (RLIN) | 4312 |
| 942 ## - ADDED ENTRY ELEMENTS (KOHA) | |
| Source of classification or shelving scheme | Dewey Decimal Classification |
| Koha item type | Books |
| Koha issues (borrowed), all copies | 7 |
| Withdrawn status | Lost status | Source of classification or shelving scheme | Damaged status | Not for loan | Home library | Current Library | Shelving location | Date acquired | Total checkouts | Full call number | Barcode | Date last seen | Date last checked out | Copy number | Price effective from | Koha item type |
|---|---|---|---|---|---|---|---|---|---|---|---|---|---|---|---|---|
| Dewey Decimal Classification | GRACE BIBLE COLLEGE | GRACE BIBLE COLLEGE | Ministry & Mission | 2017-10-23 | 7 | 248.845 WRI | 005061 | 2025-05-01 | 2024-09-09 | c.1 | 2017-10-23 | Books |